[Event "GER-ch Youth U10 2020"]
[Site "Willingen"]
[Date "2020.10.29"]
[Round "4.6"]
[White "Lu, Yunong Elias"]
[Black "Zhang, Yibo"]
[Result "1-0"]
[WhiteElo "1521"]
[BlackElo "1299"]
[Annotator "NA RC"]
[PlyCount "75"]
[EventDate "2020.10.27"]
[EventType "swiss"]
[EventRounds "7"]
[EventCountry "GER"]
[SourceTitle "playchess.com"]
[Source "ChessBase"]
[SourceQuality "1"]
[TimeControl "40/4500+30:900+30"]

1. e4 {[%emt 0:00:00]} e5 {[%emt 0:00:00]} 2. Nf3 {[%emt 0:00:00]} Nc6 {[%emt 0:00:00]} 3. d4 {[%emt 0:00:00]} exd4 {[%emt 0:00:51]} 4. Bc4 {[%emt 0:00:20]} Bc5 {[%emt 0:05:07]} 5. c3 {[%emt 0:06:29]} Nge7 {[%emt 0:04:51]} 6. cxd4 {[%emt 0:02:20]} Bb4+ {[%emt 0:00:09]} 7. Bd2 {[%emt 0:00:21]} Bxd2+ {[%emt 0:00:10]} 8. Nbxd2 {[%emt 0:02:55]} d5 {[%emt 0:00:27]} 9. exd5 {[%emt 0:00:47]} Nxd5 {[%emt 0:00:54]} 10. O-O {[%emt 0:00:22]} O-O {[%emt 0:00:31]} 11. Re1 {[%emt 0:04:33]} Nb6 {[%emt 0:00:52]} 12. Re4 {[%emt 0:03:56]} Nxc4 {[%emt 0:04:46]} 13. Nxc4 {[%emt 0:00:14]} Qd5 {[%emt 0:00:13]} 14. Qe2 {[%emt 0:01:06]} b6 {[%emt 0:04:44]} 15. Nce5 {[%emt 0:01:13]} f5 {[%emt 0:03:31]} 16. Rh4 {[%emt 0:01:18]} Re8 {[%emt 0:08:27]} 17. Qc2 {[%emt 0:02:02]} Nxe5 {[%emt 0:04:04]} 18. dxe5 {[%emt 0:01:48]} Qd7 {[%emt 0:08:05]} 19. Rd1 {[%emt 0:05:16]} Qe7 {[%emt 0:00:30]} 20. Qc6 {[%emt 0:07:28]} Rb8 {[%emt 0:00:49]} 21. Rc4 {[%emt 0:01:01]} Ba6 {[%emt 0:06:21]} 22. Rc3 {[%emt 0:02:11]} Rbd8 {[%emt 0:00:35]} 23. Re1 {[%emt 0:01:37]} Qb4 {[%emt 0:02:38]} 24. Qxc7 {[%emt 0:02:14]} Qxb2 {[%emt 0:03:42]} 25. Ng5 {[%emt 0:01:29]} Qe2 {[%emt 0:04:01]} 26. Qf7+ {[%emt 0:01:16]} Kh8 {[%emt 0:00:21]} 27. Re3 {[%emt 0:00:25]} Qc2 {[%emt 0:05:36]} 28. Ne6 {[%emt 0:01:14]} Rxe6 {[%emt 0:00:14]} 29. Qxe6 {[%emt 0:00:06]} Qd1 {[%emt 0:01:14]} 30. Qe8+ {[%emt 0:00:36]} Rxe8 {[%emt 0:00:16]} 31. Rxd1 {[%emt 0:00:04]} Kg8 {[%emt 0:00:14]} 32. Rd7 {[%emt 0:00:15]} Bc4 {[%emt 0:01:50]} 33. Rxa7 {[%emt 0:00:25]} b5 {[%emt 0:00:11]} 34. f4 {[%emt 0:01:19]} Re6 {[%emt 0:01:15]} 35. Re1 {[%emt 0:00:48]} h6 {[%emt 0:00:19]} 36. Rd1 {[%emt 0:00:11]} g5 {[%emt 0:00:14]} 37. Rd8+ {[%emt 0:00:11]} Re8 {[%emt 0:00:42]} 38. Rxe8# 1-0

[Event "GER-ch Youth U10 2020"]
[Site "Willingen"]
[Date "2020.10.29"]
[Round "4.7"]
[White "Thümler, Floris"]
[Black "Malinowsky, Levi"]
[Result "1-0"]
[WhiteElo "1295"]
[BlackElo "1606"]
[Annotator "NA RC"]
[PlyCount "61"]
[EventDate "2020.10.27"]
[EventType "swiss"]
[EventRounds "7"]
[EventCountry "GER"]
[SourceTitle "playchess.com"]
[Source "ChessBase"]
[SourceQuality "1"]
[TimeControl "40/4500+30:900+30"]

1. e4 {[%emt 0:00:00]} e6 {[%emt 0:00:00]} 2. d4 {[%emt 0:00:00]} d5 {[%emt 0:00:00]} 3. Nc3 {[%emt 0:00:27]} Bb4 {[%emt 0:01:43]} 4. e5 {[%emt 0:00:28]} c5 {[%emt 0:01:16]} 5. a3 {[%emt 0:01:50]} Bxc3+ {[%emt 0:00:07]} 6. bxc3 {[%emt 0:00:37]} Qc7 {[%emt 0:00:12]} 7. Bd3 {[%emt 0:03:46]} Bd7 {[%emt 0:02:22]} 8. Qg4 {[%emt 0:01:25]} Ne7 {[%emt 0:01:27]} 9. Ne2 {[%emt 0:03:03]} c4 {[%emt 0:03:13]} 10. Qxg7 {[%emt 0:01:26]} Rg8 {[%emt 0:00:08]} 11. Qxh7 {[%emt 0:00:33]} cxd3 {[%emt 0:00:29]} 12. Qxd3 {[%emt 0:00:29]} Nbc6 {[%emt 0:01:59]} 13. Rb1 {[%emt 0:07:23]} O-O-O {[%emt 0:03:05]} 14. h4 {[%emt 0:04:03]} Rxg2 {[%emt 0:14:09]} 15. Ng3 {[%emt 0:01:17]} Nf5 {[%emt 0:02:38]} 16. Kf1 {[%emt 0:00:34]} Nxg3+ {[%emt 0:00:59]} 17. fxg3 {[%emt 0:02:52]} Rxc2 {[%emt 0:01:02]} 18. Qxc2 {[%emt 0:01:52]} Nxd4 {[%emt 0:00:07]} 19. Qd3 {[%emt 0:02:29]} Nc6 {[%emt 0:03:03]} 20. Bf4 {[%emt 0:02:39]} d4 {[%emt 0:02:05]} 21. Kg1 {[%emt 0:03:55]} Be8 {[%emt 0:02:56]} 22. cxd4 {[%emt 0:02:59]} Rxd4 {[%emt 0:00:35]} 23. Qe3 {[%emt 0:01:17]} Qa5 {[%emt 0:02:24]} 24. h5 {[%emt 0:03:08]} f5 {[%emt 0:05:56]} 25. h6 {[%emt 0:01:17]} Bg6 {[%emt 0:00:12]} 26. h7 {[%emt 0:01:39]} Bxh7 {[%emt 0:00:01]} 27. Rxh7 {[%emt 0:00:23]} Qd5 {[%emt 0:01:57]} 28. Qb3 {[%emt 0:03:24]} Rd1+ {[%emt 0:05:19]} 29. Qxd1 {[%emt 0:01:23]} Nd4 {[%emt 0:00:12]} 30. Qc1+ {[%emt 0:00:50]} Nc6 {[%emt 0:01:23]} 31. Rbxb7 {[%emt 0:00:57]} 1-0

[Event "GER-ch Youth U10 2020"]
[Site "Willingen"]
[Date "2020.10.29"]
[Round "4.8"]
[White "Rosenkranz, Lennard"]
[Black "Aniol, Nico"]
[Result "0-1"]
[WhiteElo "1467"]
[BlackElo "1417"]
[Annotator "NA RC"]
[PlyCount "68"]
[EventDate "2020.10.27"]
[EventType "swiss"]
[EventRounds "7"]
[EventCountry "GER"]
[SourceTitle "playchess.com"]
[Source "ChessBase"]
[SourceQuality "1"]
[TimeControl "40/4500+30:900+30"]

1. e4 {[%emt 0:00:00]} c5 {[%emt 0:00:00]} 2. Nf3 {[%emt 0:00:00]} Nc6 {[%emt 0:00:42]} 3. d4 {[%emt 0:00:13]} cxd4 {[%emt 0:01:06]} 4. Nxd4 {[%emt 0:00:19]} Nf6 {[%emt 0:01:20]} 5. Nc3 {[%emt 0:00:34]} e5 {[%emt 0:01:28]} 6. Ndb5 {[%emt 0:00:17]} d6 {[%emt 0:01:36]} 7. Bg5 {[%emt 0:00:46]} a6 {[%emt 0:01:12]} 8. Na3 {[%emt 0:00:13]} b5 {[%emt 0:01:41]} 9. Nd5 {[%emt 0:03:04]} Be7 {[%emt 0:01:57]} 10. Bxf6 {[%emt 0:01:24]} Bxf6 {[%emt 0:01:01]} 11. c3 {[%emt 0:05:42]} Bg5 {[%emt 0:02:50]} 12. Be2 {[%emt 0:02:37]} O-O {[%emt 0:02:01]} 13. O-O {[%emt 0:00:22]} f5 {[%emt 0:02:40]} 14. Bf3 {[%emt 0:13:12]} Kh8 {[%emt 0:10:06]} 15. exf5 {[%emt 0:00:41]} Bxf5 {[%emt 0:00:14]} 16. Ne3 {[%emt 0:00:34]} Qc7 {[%emt 0:05:14]} 17. Nxf5 {[%emt 0:01:04]} Rxf5 {[%emt 0:00:09]} 18. Qd5 {[%emt 0:00:14]} Rxf3 {[%emt 0:05:40]} 19. Qxf3 {[%emt 0:00:11]} Re8 {[%emt 0:01:12]} 20. Qh5 {[%emt 0:00:42]} Qe7 {[%emt 0:00:14]} 21. Kh1 {[%emt 0:02:26]} Rf8 {[%emt 0:01:10]} 22. Rae1 {[%emt 0:04:38]} Nd8 {[%emt 0:02:31]} 23. Nc2 {[%emt 0:06:18]} Ne6 {[%emt 0:01:38]} 24. Nb4 {[%emt 0:00:29]} Nf4 {[%emt 0:00:37]} 25. Qd1 {[%emt 0:03:11]} Qb7 {[%emt 0:04:12]} 26. f3 {[%emt 0:02:14]} Be7 {[%emt 0:03:49]} 27. Rf2 {[%emt 0:11:10]} a5 {[%emt 0:04:56]} 28. Nc2 {[%emt 0:01:51]} Bh4 {[%emt 0:04:06]} 29. g3 {[%emt 0:01:22]} Nh3 {[%emt 0:00:30]} 30. Rff1 {[%emt 0:02:20]} Be7 {[%emt 0:01:21]} 31. Ne3 {[%emt 0:03:40]} Ng5 {[%emt 0:06:01]} 32. Qd5 {[%emt 0:01:56]} Qb6 {[%emt 0:00:57]} 33. Ng2 {[%emt 0:05:01]} Nh3 {[%emt 0:00:53]} 34. f4 {[%emt 0:00:53]} Qg1+ 0-1

[Event "GER-ch Youth U10 2020"]
[Site "Willingen"]
[Date "2020.10.29"]
[Round "4.9"]
[White "Kullmann, Theo"]
[Black "Zimmer, Tim"]
[Result "1-0"]
[WhiteElo "1632"]
[BlackElo "1025"]
[Annotator "NA RC"]
[PlyCount "49"]
[EventDate "2020.10.27"]
[EventType "swiss"]
[EventRounds "7"]
[EventCountry "GER"]
[SourceTitle "playchess.com"]
[Source "ChessBase"]
[SourceQuality "1"]
[TimeControl "40/4500+30:900+30"]

1. e4 {[%emt 0:00:00]} e5 {[%emt 0:00:04]} 2. Nf3 {[%emt 0:00:00]} Nc6 {[%emt 0:00:24]} 3. Bc4 {[%emt 0:00:01]} Bc5 {[%emt 0:00:24]} 4. Nc3 {[%emt 0:00:26]} Nf6 {[%emt 0:02:52]} 5. O-O {[%emt 0:00:30]} d6 {[%emt 0:00:42]} 6. h3 {[%emt 0:00:12]} O-O {[%emt 0:01:02]} 7. d3 {[%emt 0:00:08]} h6 {[%emt 0:01:20]} 8. Be3 {[%emt 0:00:24]} Bb6 {[%emt 0:00:58]} 9. Qd2 {[%emt 0:00:30]} Bxe3 {[%emt 0:10:15]} 10. fxe3 {[%emt 0:00:30]} Na5 {[%emt 0:00:46]} 11. Bb3 Nxb3 {[%emt 0:01:51]} 12. axb3 {[%emt 0:00:41]} Re8 {[%emt 0:01:45]} 13. Rae1 {[%emt 0:00:46]} d5 {[%emt 0:00:29]} 14. exd5 {[%emt 0:04:01]} Nxd5 {[%emt 0:01:08]} 15. Qf2 {[%emt 0:00:23]} Re6 16. Qg3 Nxc3 17. bxc3 {[%emt 0:08:28]} Rg6 {[%emt 0:11:59]} 18. Qh2 {[%emt 0:02:15]} f6 {[%emt 0:11:45]} 19. Kh1 {[%emt 0:02:13]} Qd5 {[%emt 0:04:29]} 20. e4 {[%emt 0:00:54]} Qc5 {[%emt 0:00:24]} 21. c4 {[%emt 0:00:35]} a5 {[%emt 0:00:40]} 22. g4 {[%emt 0:05:30]} h5 {[%emt 0:10:00]} 23. g5 {[%emt 0:09:44]} f5 {[%emt 0:03:21]} 24. exf5 {[%emt 0:01:11]} Rb6 {[%emt 0:07:11]} 25. Rxe5 {[%emt 0:01:01]} 1-0

[Event "GER-ch Youth U10 2020"]
[Site "Willingen"]
[Date "2020.10.29"]
[Round "4.10"]
[White "Braun, Julian"]
[Black "Krstovic, Marko"]
[Result "1-0"]
[WhiteElo "1441"]
[BlackElo "1443"]
[Annotator "NA RC"]
[PlyCount "69"]
[EventDate "2020.10.27"]
[EventType "swiss"]
[EventRounds "7"]
[EventCountry "GER"]
[SourceTitle "playchess.com"]
[Source "ChessBase"]
[SourceQuality "1"]
[TimeControl "40/4500+30:900+30"]

1. e4 {[%emt 0:00:00]} e5 {[%emt 0:00:00]} 2. Nf3 {[%emt 0:00:00]} Nf6 {[%emt 0:00:00]} 3. Nxe5 {[%emt 0:00:00]} d6 {[%emt 0:00:00]} 4. Nf3 {[%emt 0:00:00]} Nxe4 {[%emt 0:00:00]} 5. d4 {[%emt 0:00:00]} d5 {[%emt 0:00:00]} 6. Bd3 {[%emt 0:00:06]} Nf6 {[%emt 0:00:04]} 7. O-O {[%emt 0:00:47]} Be7 {[%emt 0:00:05]} 8. Re1 {[%emt 0:01:44]} O-O {[%emt 0:00:07]} 9. Bg5 {[%emt 0:03:21]} Be6 {[%emt 0:02:35]} 10. Nbd2 {[%emt 0:03:03]} Nc6 {[%emt 0:00:58]} 11. c3 {[%emt 0:01:01]} h6 {[%emt 0:01:55]} 12. Bh4 {[%emt 0:03:20]} Nd7 {[%emt 0:02:24]} 13. Bxe7 {[%emt 0:00:45]} Nxe7 {[%emt 0:00:25]} 14. Ne5 {[%emt 0:03:06]} Nxe5 {[%emt 0:00:27]} 15. Rxe5 {[%emt 0:00:12]} Qd7 {[%emt 0:00:21]} 16. Nf3 {[%emt 0:02:32]} Ng6 {[%emt 0:00:34]} 17. Re3 {[%emt 0:05:10]} Bf5 {[%emt 0:01:00]} 18. Ne5 {[%emt 0:03:15]} Nxe5 {[%emt 0:00:15]} 19. Bxf5 {[%emt 0:00:20]} Qxf5 {[%emt 0:00:08]} 20. Rxe5 {[%emt 0:00:11]} Qd7 {[%emt 0:00:25]} 21. Qf3 {[%emt 0:01:44]} c6 {[%emt 0:00:18]} 22. Rae1 {[%emt 0:02:43]} Rae8 {[%emt 0:02:47]} 23. Qe3 {[%emt 0:03:27]} Rxe5 {[%emt 0:04:57]} 24. Qxe5 {[%emt 0:00:11]} a6 {[%emt 0:01:43]} 25. Qe7 {[%emt 0:01:22]} Qxe7 {[%emt 0:00:20]} 26. Rxe7 {[%emt 0:00:10]} Rb8 {[%emt 0:00:01]} 27. Kf1 {[%emt 0:02:18]} Kf8 {[%emt 0:00:42]} 28. Rc7 {[%emt 0:01:42]} f6 {[%emt 0:00:16]} 29. f3 {[%emt 0:01:59]} g6 {[%emt 0:00:28]} 30. Kf2 {[%emt 0:01:53]} h5 {[%emt 0:01:35]} 31. h4 {[%emt 0:01:52]} a5 {[%emt 0:00:37]} 32. Kf1 {[%emt 0:02:41]} a4 {[%emt 0:00:26]} 33. a3 {[%emt 0:00:55]} g5 {[%emt 0:00:24]} 34. Rh7 {[%emt 0:01:18]} gxh4 35. Rh8+ 1-0

[Event "GER-ch Youth U10 2020"]
[Site "Willingen"]
[Date "2020.10.29"]
[Round "4.11"]
[White "Mandalka, Justus"]
[Black "Kullmann, Max"]
[Result "0-1"]
[WhiteElo "1437"]
[BlackElo "1375"]
[Annotator "NA RC"]
[PlyCount "106"]
[EventDate "2020.10.27"]
[EventType "swiss"]
[EventRounds "7"]
[EventCountry "GER"]
[SourceTitle "playchess.com"]
[Source "ChessBase"]
[SourceQuality "1"]
[TimeControl "40/4500+30:900+30"]

1. e4 {[%emt 0:00:00]} d5 {[%emt 0:00:00]} 2. exd5 {[%emt 0:00:00]} Qxd5 {[%emt 0:00:00]} 3. Nc3 {[%emt 0:00:00]} Qa5 {[%emt 0:00:00]} 4. Bc4 {[%emt 0:00:00]} Nc6 {[%emt 0:00:45]} 5. d3 Nf6 {[%emt 0:01:07]} 6. Bd2 {[%emt 0:00:29]} e6 {[%emt 0:00:36]} 7. a3 {[%emt 0:02:40]} Bd6 {[%emt 0:09:28]} 8. Nf3 {[%emt 0:07:26]} Qh5 {[%emt 0:08:04]} 9. Qe2 {[%emt 0:01:47]} Bd7 {[%emt 0:01:18]} 10. O-O-O {[%emt 0:01:02]} O-O-O {[%emt 0:01:47]} 11. h3 {[%emt 0:00:22]} h6 {[%emt 0:04:58]} 12. g4 {[%emt 0:00:59]} Qg6 {[%emt 0:00:08]} 13. Rdg1 {[%emt 0:00:54]} Rhe8 {[%emt 0:04:58]} 14. h4 {[%emt 0:01:22]} Nd5 {[%emt 0:01:09]} 15. h5 {[%emt 0:01:39]} Nxc3 {[%emt 0:01:21]} 16. Bxc3 {[%emt 0:00:59]} Bf4+ {[%emt 0:01:24]} 17. Nd2 {[%emt 0:01:40]} Qg5 {[%emt 0:02:04]} 18. Kb1 {[%emt 0:01:03]} Bxd2 {[%emt 0:01:47]} 19. Bxd2 {[%emt 0:00:51]} Qe5 {[%emt 0:00:31]} 20. Qf1 {[%emt 0:04:35]} Nd4 {[%emt 0:01:47]} 21. f4 {[%emt 0:00:37]} Qd6 {[%emt 0:04:17]} 22. c3 {[%emt 0:03:02]} Nc6 {[%emt 0:01:29]} 23. d4 {[%emt 0:00:32]} Na5 {[%emt 0:00:56]} 24. Bd3 {[%emt 0:04:01]} Bc6 {[%emt 0:01:15]} 25. Rh2 {[%emt 0:01:43]} Nb3 {[%emt 0:02:26]} 26. Bc2 {[%emt 0:00:58]} Nxd2+ {[%emt 0:00:42]} 27. Rxd2 {[%emt 0:00:12]} Qd5 {[%emt 0:01:33]} 28. Qe1 {[%emt 0:02:04]} e5 {[%emt 0:02:15]} 29. fxe5 {[%emt 0:02:29]} Rxe5 {[%emt 0:00:37]} 30. Qf2 {[%emt 0:01:58]} Ree8 {[%emt 0:01:46]} 31. Rf1 {[%emt 0:02:33]} Bb5 {[%emt 0:01:46]} 32. Bd3 {[%emt 0:01:42]} Bxd3+ {[%emt 0:00:48]} 33. Rxd3 {[%emt 0:00:11]} Qe4 {[%emt 0:01:00]} 34. Qf3 {[%emt 0:00:18]} Qxf3 {[%emt 0:01:37]} 35. Rdxf3 {[%emt 0:00:13]} f6 {[%emt 0:00:22]} 36. R1f2 {[%emt 0:00:50]} Re1+ {[%emt 0:00:33]} 37. Kc2 {[%emt 0:00:09]} Rde8 {[%emt 0:00:05]} 38. Kd2 {[%emt 0:00:45]} Kd7 {[%emt 0:00:26]} 39. c4 {[%emt 0:00:36]} R1e4 {[%emt 0:00:49]} 40. Rf4 {[%emt 0:00:04]} Kd6 {[%emt 0:00:53]} 41. Kc3 {[%emt 0:16:49]} Re3+ {[%emt 0:19:31]} 42. Kb4 {[%emt 0:01:12]} R8e4 {[%emt 0:01:04]} 43. b3 {[%emt 0:01:30]} b6 {[%emt 0:01:15]} 44. Rf1 {[%emt 0:01:56]} a5+ {[%emt 0:01:18]} 45. Ka4 {[%emt 0:00:22]} c6 {[%emt 0:02:06]} 46. b4 {[%emt 0:02:23]} axb4 {[%emt 0:00:52]} 47. axb4 {[%emt 0:00:12]} Kc7 {[%emt 0:00:32]} 48. b5 {[%emt 0:00:35]} cxb5+ {[%emt 0:00:55]} 49. Kxb5 {[%emt 0:00:15]} Rb3+ {[%emt 0:03:03]} 50. Ka4 {[%emt 0:00:17]} Ree3 {[%emt 0:00:38]} 51. c5 {[%emt 0:02:17]} bxc5 {[%emt 0:02:38]} 52. dxc5 {[%emt 0:00:06]} Kc6 {[%emt 0:00:07]} 53. Rc4 {[%emt 0:00:49]} Ra3+ {[%emt 0:00:18]} 0-1

[Event "GER-ch Youth U10 2020"]
[Site "Willingen"]
[Date "2020.10.29"]
[Round "4.12"]
[White "Marcziter, Alex"]
[Black "Pimenov, Danil"]
[Result "1-0"]
[WhiteElo "1401"]
[BlackElo "1235"]
[Annotator "NA RC"]
[PlyCount "54"]
[EventDate "2020.10.27"]
[EventType "swiss"]
[EventRounds "7"]
[EventCountry "GER"]
[SourceTitle "playchess.com"]
[Source "ChessBase"]
[SourceQuality "1"]
[TimeControl "40/4500+30:900+30"]

1. e4 {[%emt 0:00:00]} d6 {[%emt 0:00:00]} 2. d4 {[%emt 0:01:19]} Nf6 {[%emt 0:00:00]} 3. Nc3 {[%emt 0:02:00]} g6 {[%emt 0:00:00]} 4. Nf3 {[%emt 0:02:09]} Bg7 {[%emt 0:00:05]} 5. Bd3 {[%emt 0:02:23]} O-O {[%emt 0:00:17]} 6. h3 {[%emt 0:01:46]} Nbd7 {[%emt 0:00:27]} 7. Be3 {[%emt 0:02:45]} c6 {[%emt 0:00:41]} 8. Qd2 {[%emt 0:01:28]} Qc7 {[%emt 0:00:48]} 9. O-O-O e5 10. Rdg1 {[%emt 0:09:38]} exd4 {[%emt 0:01:55]} 11. Nxd4 {[%emt 0:00:49]} Ne5 {[%emt 0:00:59]} 12. Be2 {[%emt 0:01:20]} b5 {[%emt 0:01:07]} 13. f4 {[%emt 0:01:17]} Ned7 {[%emt 0:01:46]} 14. Bf3 {[%emt 0:01:12]} Nb6 {[%emt 0:01:13]} 15. b3 {[%emt 0:01:35]} Bb7 {[%emt 0:02:05]} 16. f5 {[%emt 0:02:07]} a6 {[%emt 0:01:40]} 17. fxg6 {[%emt 0:00:17]} hxg6 {[%emt 0:00:32]} 18. g4 {[%emt 0:00:30]} b4 {[%emt 0:00:21]} 19. Nce2 {[%emt 0:03:32]} c5 {[%emt 0:00:17]} 20. Nf5 {[%emt 0:00:12]} gxf5 {[%emt 0:00:41]} 21. gxf5 {[%emt 0:00:16]} Nxe4 {[%emt 0:00:34]} 22. Bxe4 {[%emt 0:01:26]} Bxe4 {[%emt 0:01:04]} 23. Bh6 {[%emt 0:00:51]} Bxh1 {[%emt 0:00:29]} 24. Bxg7 {[%emt 0:00:22]} f6 {[%emt 0:01:01]} 25. Bxf6+ {[%emt 0:08:02]} Kh7 {[%emt 0:00:17]} 26. Qg5 {[%emt 0:01:09]} Rxf6 {[%emt 0:00:45]} 27. Qxf6 Qd8 1-0

[Event "GER-ch Youth U10 2020"]
[Site "Willingen"]
[Date "2020.10.29"]
[Round "4.13"]
[White "Aweh, Mads"]
[Black "Radeke, Timothy"]
[Result "1-0"]
[WhiteElo "1328"]
[BlackElo "1143"]
[Annotator "NA RC"]
[PlyCount "105"]
[EventDate "2020.10.27"]
[EventType "swiss"]
[EventRounds "7"]
[EventCountry "GER"]
[SourceTitle "playchess.com"]
[Source "ChessBase"]
[SourceQuality "1"]
[TimeControl "40/4500+30:900+30"]

1. e4 {[%emt 0:00:00]} d6 {[%emt 0:00:00]} 2. Nf3 {[%emt 0:00:05]} Nf6 {[%emt 0:00:04]} 3. Nc3 {[%emt 0:00:22]} Nbd7 {[%emt 0:00:31]} 4. d4 {[%emt 0:00:44]} e5 {[%emt 0:00:05]} 5. Bc4 {[%emt 0:00:47]} Be7 {[%emt 0:00:10]} 6. O-O {[%emt 0:00:21]} c6 {[%emt 0:00:05]} 7. a3 {[%emt 0:01:12]} a5 {[%emt 0:00:21]} 8. a4 {[%emt 0:00:43]} Qc7 {[%emt 0:00:06]} 9. b3 {[%emt 0:01:04]} h6 {[%emt 0:00:40]} 10. Bb2 {[%emt 0:00:49]} g5 {[%emt 0:01:18]} 11. h3 {[%emt 0:02:31]} Nf8 {[%emt 0:00:16]} 12. dxe5 {[%emt 0:01:47]} dxe5 {[%emt 0:00:11]} 13. Ne2 {[%emt 0:00:40]} Ng6 {[%emt 0:00:10]} 14. Qd3 {[%emt 0:02:14]} g4 {[%emt 0:05:15]} 15. hxg4 {[%emt 0:00:45]} Nxg4 {[%emt 0:00:16]} 16. Rad1 {[%emt 0:02:04]} h5 {[%emt 0:01:00]} 17. Nh2 {[%emt 0:00:52]} h4 {[%emt 0:03:08]} 18. Qf3 {[%emt 0:05:08]} Nf6 {[%emt 0:01:21]} 19. g3 {[%emt 0:05:23]} hxg3 {[%emt 0:04:01]} 20. Nxg3 {[%emt 0:03:34]} Bh3 {[%emt 0:01:09]} 21. Rfe1 {[%emt 0:00:17]} Nh4 {[%emt 0:00:43]} 22. Qc3 {[%emt 0:02:36]} Bb4 {[%emt 0:00:55]} 23. Qxe5+ {[%emt 0:00:24]} Qxe5 {[%emt 0:00:08]} 24. Bxe5 {[%emt 0:00:09]} Bxe1 {[%emt 0:00:09]} 25. Bxf6 {[%emt 0:00:15]} Rh6 {[%emt 0:00:20]} 26. Bxh4 {[%emt 0:00:35]} Bxf2+ {[%emt 0:00:30]} 27. Kxf2 {[%emt 0:00:15]} Rxh4 {[%emt 0:00:14]} 28. Nf3 {[%emt 0:01:09]} Bg4 {[%emt 0:00:29]} 29. Nxh4 {[%emt 0:01:29]} Bxd1 {[%emt 0:00:10]} 30. Bd3 {[%emt 0:00:50]} Rb8 {[%emt 0:03:22]} 31. Nhf5 {[%emt 0:00:46]} b5 {[%emt 0:01:28]} 32. axb5 {[%emt 0:00:29]} cxb5 {[%emt 0:00:29]} 33. Bxb5+ {[%emt 0:00:29]} Kd8 {[%emt 0:01:28]} 34. Bd3 {[%emt 0:00:34]} Kd7 {[%emt 0:01:37]} 35. Ne2 {[%emt 0:00:33]} Rc8 {[%emt 0:00:37]} 36. Ne3 {[%emt 0:00:47]} Bxe2 {[%emt 0:00:22]} 37. Bxe2 {[%emt 0:00:19]} Ra8 {[%emt 0:01:25]} 38. Nc4 {[%emt 0:01:19]} Ke6 {[%emt 0:01:09]} 39. Ke3 {[%emt 0:01:54]} a4 {[%emt 0:00:20]} 40. bxa4 {[%emt 0:01:07]} Rxa4 {[%emt 0:00:14]} 41. Kd4 {[%emt 0:16:15]} f6 {[%emt 0:15:52]} 42. Bg4+ {[%emt 0:00:47]} Ke7 {[%emt 0:01:01]} 43. c3 {[%emt 0:01:06]} Kf7 {[%emt 0:00:57]} 44. Kd5 {[%emt 0:01:12]} Ke7 {[%emt 0:00:27]} 45. Nb6 {[%emt 0:02:11]} Ra3 {[%emt 0:00:37]} 46. Kd4 {[%emt 0:00:37]} Rb3 {[%emt 0:00:31]} 47. Nd5+ {[%emt 0:00:27]} Kf7 {[%emt 0:01:43]} 48. c4 {[%emt 0:00:14]} Ra3 {[%emt 0:01:30]} 49. Kc5 {[%emt 0:00:53]} Ra5+ {[%emt 0:00:57]} 50. Kb6 {[%emt 0:00:51]} Ra4 {[%emt 0:01:00]} 51. Kb5 {[%emt 0:00:13]} Ra1 {[%emt 0:02:05]} 52. Bf5 {[%emt 0:01:42]} Rc1 {[%emt 0:01:45]} 53. c5 {[%emt 0:00:36]} 1-0